000
00306nam a2200145Ia 4500
100
_a
Pandolfi/Fred
942
_c
BK
654
_a
computer
245
_a
Microsoft Foundation Class 4 Bible
260
_b
Techmedia
_c
1996
082
_a
5.133
_b
PAM
300
_a
1132
546
_a
ENGLISH
999
_c
34605
_d
34605